| 000 | 00000nam##2200000za#4500 |
| 001 | 9.529341 |
| 003 | CaOODSP |
| 005 | 20241127112910 |
| 007 | ta |
| 008 | 150406|1997||||xxc||||| f|0| 0 fre|d |
| 020 | |a0-662-63210-9|z0-662-25930-0 |
| 040 | |aCaOODSP|bfre |
| 041 | |aeng |
| 041 | |afre |
| 043 | |an-cn--- |
| 086 | 1 |aEn56-119/5-1997-1 |
| 110 | 1 |aCanada. |bService de l'environnement atmosphérique. |
| 245 | 10|aSommaire de l'Arctique canadien |
| 260 | |aOttawa - Ontario : |bEnvironnement Canada. |c1997. |
| 300 | |a26p. : |bfigures ; |c28 cm. |
| 490 | 1 |aL'étude pan-canadienne |
| 500 | |a«Les effets du changement climatique varieront substantiellement d'une région à l'autre de l'Arctique. Ces effets sont décrits en détail dans le rapport d'Environnement Canada de 1997 intitulé Responding to global climate change in Canada's Arctic volume II de l'Étude pan-canadienne. Le présent document est un résumé de ces études.»--Page 2. |
| 520 | 3 |aLes effets du changement climatique varieront substantiellement d'une région à l'autre de l'Arctique. Ces effets sont décrits en détail dans le rapport d'Environnement Canada de 1997 intitulé Responding to global climate change in Canada's Arctic volume II de l'Étude pan-canadienne. Le présent document est un résumé de ces études.--Page 2 |
| 546 | |aBilingue |
| 590 | |a98-20|b1998-05-15 |
| 691 | 07|aClimat|2gcpds |
| 776 | 0#|tCanadian Arctic summary|w(CaOODSP)9.588143 |
| 791 | |tCanadian arctic summary|eeng|w(CaOODSP)9.529340 |
| 830 | #0|aL'étude pan-canadienne.|w(CaOODSP)9.509291 |